THE INDIAN CONTRACT ACT,1872 (Record no. 11031)
[ view plain ]
| 000 -LEADER | |
|---|---|
| fixed length control field | 00344nam a22001457a 4500 |
| 003 - CONTROL NUMBER IDENTIFIER | |
| control field | SGT |
| 020 ## - INTERNATIONAL STANDARD BOOK NUMBER | |
| International Standard Book Number | 9789381587232 |
| 082 ## - DEWEY DECIMAL CLASSIFICATION NUMBER | |
| Classification number | 346.022,KUM |
| 100 ## - MAIN ENTRY--PERSONAL NAME | |
| Personal name | KUMAR,NARENDER |
| 245 ## - TITLE STATEMENT | |
| Title | THE INDIAN CONTRACT ACT,1872 |
| 260 ## - PUBLICATION, DISTRIBUTION, ETC. (IMPRINT) | |
| Place of publication, distribution, etc | FARIDABAD |
| Name of publisher, distributor, etc | ALLAHABAD LAW |
| Year of Publication | 2015 |
| 300 ## - PAGE DESCRIPTION | |
| No. of Pages | 911 |
| 650 ## - SUBJECT ADDED ENTRY--TOPICAL TERM | |
| Topical term or geographic name as entry element | THE INDIAN CONTRACT ACT,1872 |
| 942 ## - ADDED ENTRY ELEMENTS (KOHA) | |
| Source of classification or shelving scheme | Dewey Decimal Classification |
| Koha item type | Books |
| 942 ## - ADDED ENTRY ELEMENTS (KOHA) | |
| -- | 1 |
| Withdrawn status | Lost status | Source of classification or shelving scheme | Damaged status | Not for loan | Collection code | Home library | Current library | Shelving location | Date acquired | Vendor Name | Cost, normal purchase price | SGTU | Bill Number | Total Checkouts | Full call number | Accession No. (Barcode) | Date last seen | Date last borrowed | Bill Date | Koha item type | Total Renewals |
|---|---|---|---|---|---|---|---|---|---|---|---|---|---|---|---|---|---|---|---|---|---|
| Dewey Decimal Classification | LAW | SGT Science & Social Sciences Library | SGT Science & Social Sciences Library | Text Book | 27/02/2017 | SETH & COMPANY | 450.00 | SGTU | 2064 | 1 | 346.022,KUM | FL1429 | 10/10/2024 | 28/09/2024 | 29/09/2016 | Books | |||||
| Dewey Decimal Classification | LAW | SGT Science & Social Sciences Library | SGT Science & Social Sciences Library | Text Book | 27/02/2017 | SETH & COMPANY | 450.00 | SGTU | 2064 | 2 | 346.022,KUM | FL1430 | 18/07/2019 | 10/06/2019 | 29/09/2016 | Books | |||||
| Dewey Decimal Classification | Not For Loan | LAW | SGT Science & Social Sciences Library | SGT Science & Social Sciences Library | Reference Book | 27/02/2017 | SETH & COMPANY | 450.00 | SGTU | 2064 | 346.022,KUM | FL1431 | 27/02/2017 | 29/09/2016 | Books | ||||||
| Dewey Decimal Classification | LAW | SGT Science & Social Sciences Library | SGT Science & Social Sciences Library | Text Book | 06/04/2017 | SETH & COMPANY | 450.00 | SGTU | 2064 | 3 | 346.022,KUM | FL1427 | 23/01/2020 | 25/03/2019 | 29/09/2016 | Books | |||||
| Dewey Decimal Classification | LAW | SGT Science & Social Sciences Library | SGT Science & Social Sciences Library | Text Book | 06/04/2017 | SETH & COMPANY | 450.00 | SGTU | 2064 | 1 | 346.022,KUM | FL1428 | 12/10/2017 | 14/09/2017 | 29/09/2016 | Books | 1 |